000 00681nam a2200217Ia 4500
003 OSt
005 20200917155521.0
008 191128s1997 ck gr 000 0 spa d
020 _a9586531201
040 _aCO-JMCR
_cCO-JMCR
041 _aspa
082 0 4 _aR /
_b342 .861003
100 1 _aMadrid-Malo Garizábal, Mario,
_d 1945
_eautor
_910404
245 0 _aDiccionario de la constitución política de Colombia /
_cMario Madrid-Malo Garizábal
250 _aPrimera edición
260 _aBogotá :
_bLegis,
_c1997
300 _a399 páginas ;
_c24 cm.
500 _aIncluye nota biográfica del autor en solapa posterior
650 1 4 _aDiccionarios
_910405
942 _2ddc
_cBK
999 _c4177
_d4177